[Event "Titled Tue 3rd Jun Early"]
[Site "chess.com INT"]
[Date "2025.06.03"]
[Round "3"]
[White "Kilic, Eray"]
[Black "Jakubowski, Krzysztof"]
[Result "0-1"]
[WhiteTitle "IM"]
[BlackTitle "GM"]
[WhiteElo "2469"]
[BlackElo "2448"]
[WhiteFideId "44517173"]
[BlackFideId "1112848"]
[EventDate "2025.06.03"]

1. e4 c6 2. Nc3 d5 3. Nf3 Bg4 4. h3 Bh5 5. exd5 cxd5 6. Bb5+ Nc6 7. g4 Bg6 8.
Ne5 Rc8 9. d4 e6 10. Qe2 Bb4 11. h4 Ne7 12. h5 Be4 13. f3 Qa5 14. Bd2 Bxc2 15.
Rc1 f6 16. Nxc6 bxc6 17. Ba6 Rb8 18. Rxc2 e5 19. a3 Bxc3 20. Bxc3 Qb6 21. h6
exd4 22. Bb4 O-O 23. Bxe7 Rbe8 24. Bxf8 Rxe2+ 25. Bxe2 Kxf8 26. hxg7+ Kxg7 27.
Bd3 h6 28. O-O c5 29. Kh1 c4 30. Bf5 d3 31. Rh2 Qe3 32. Rhf2 a5 33. Kg2 d4 34.
Rd1 a4 35. Rfd2 h5 36. Be4 h4 37. Kh3 Qf4 38. Kxh4 c3 39. bxc3 dxc3 40. Bxd3
cxd2 0-1

[Event "Titled Tue 3rd Jun Early"]
[Site "chess.com INT"]
[Date "2025.06.03"]
[Round "3"]
[White "Lymar, Vladislav"]
[Black "Deac, Bogdan-Daniel"]
[Result "0-1"]
[WhiteTitle "CM"]
[BlackTitle "GM"]
[WhiteElo "2216"]
[BlackElo "2668"]
[WhiteFideId "14162180"]
[BlackFideId "1226380"]
[EventDate "2025.06.03"]

1. e4 e6 2. d4 d5 3. Nd2 dxe4 4. Nxe4 Bd7 5. Nf3 Bc6 6. Bd3 Nd7 7. O-O Ngf6 8.
Re1 Nxe4 9. Bxe4 Bxe4 10. Rxe4 Nf6 11. Rh4 c6 12. Bg5 Be7 13. Qe2 h6 14. c4 Qc7
15. Ne5 Rg8 16. Bd2 Rd8 17. Rd1 Nd7 18. Rg4 f5 19. Rg3 Nxe5 20. dxe5 Qd7 21. Kf1
Qd4 22. b3 Kf7 23. Ke1 g5 24. Bc3 Qf4 25. h3 Rxd1+ 26. Qxd1 Rd8 27. Rd3 Qe4+ 28.
Re3 Rxd1+ 29. Kxd1 Qxg2 30. Ke2 Bc5 0-1

[Event "Titled Tue 3rd Jun Early"]
[Site "chess.com INT"]
[Date "2025.06.03"]
[Round "3"]
[White "Zhao, Erick"]
[Black "Ismagilov, Damir"]
[Result "1-0"]
[WhiteTitle "IM"]
[BlackTitle "CM"]
[WhiteElo "2410"]
[BlackElo "2173"]
[WhiteFideId "30946930"]
[BlackFideId "34199982"]
[EventDate "2025.06.03"]

1. e4 c5 2. Nf3 e6 3. d4 cxd4 4. Nxd4 Nc6 5. Nc3 Qc7 6. g3 Nf6 7. Bg2 a6 8. O-O
Nxd4 9. Qxd4 Bc5 10. Bf4 d6 11. Qd3 h6 12. Rad1 e5 13. Be3 Bxe3 14. fxe3 Be6 15.
Qxd6 Qxd6 16. Rxd6 Rc8 17. Rf2 Rxc3 18. bxc3 Nd7 19. Rfd2 Ke7 20. Bf1 Rc8 21. c4
h5 22. h4 Nc5 23. Rb6 Rc7 24. Bd3 Nd7 25. Rb4 a5 26. Rb5 b6 27. Be2 g6 28. Kf2
f6 29. a3 Rc6 30. Rd1 Nc5 31. Bd3 Kd6 32. Rdb1 Kc7 33. Ke2 Na4 34. Kd2 Bxc4 35.
Bxc4 Rxc4 36. Rf1 Rc6 37. g4 hxg4 38. Rg1 Nc3 39. Rb3 Nxe4+ 40. Kc1 f5 41. Rd3
g3 42. Rd5 Rc3 43. Rxe5 Rxa3 44. Kb2 Rxe3 45. h5 gxh5 46. Rxf5 h4 47. Rh5 a4 48.
Rxh4 a3+ 49. Ka1 Kc6 50. Rh5 b5 51. Rh6+ Kc5 52. Rh4 Kc4 53. Ka2 b4 54. Rg4 Kc3
55. Rg2 Nd2 56. Rf4 Kxc2 57. Rxb4 Rb3 58. Rxb3 1-0

[Event "Titled Tue 3rd Jun Early"]
[Site "chess.com INT"]
[Date "2025.06.03"]
[Round "3"]
[White "Firouzja, Alireza"]
[Black "Waldhausen Gordon, Frederick"]
[Result "1-0"]
[WhiteTitle "GM"]
[BlackTitle "FM"]
[WhiteElo "2757"]
[BlackElo "2397"]
[WhiteFideId "12573981"]
[BlackFideId "2409143"]
[EventDate "2025.06.03"]

1. Nf3 Nf6 2. g3 g6 3. b3 Bg7 4. Bb2 b6 5. Bg2 Bb7 6. O-O c5 7. c4 Nc6 8. e4 O-O
9. Re1 d6 10. d4 cxd4 11. Nxd4 Rc8 12. Nxc6 Bxc6 13. Nc3 Qd7 14. Qd2 a6 15. Nd5
Bxd5 16. cxd5 Rc7 17. e5 dxe5 18. Bxe5 Rcc8 19. Rad1 Rfd8 20. Qd4 b5 21. d6 Qf5
22. Bb7 Rc2 23. Qb6 Rd7 24. dxe7 Rxe7 25. Bf4 Rxe1+ 26. Rxe1 h5 27. Qxa6 g5 28.
Be3 Bf8 29. Qa8 Kg7 30. Bd4 Rd2 31. Be4 Qe6 32. Bc3 Rd7 33. Bc6 Qf5 34. Bxd7
Qxd7 35. Qf3 Be7 36. Qxh5 1-0

[Event "Titled Tue 3rd Jun Early"]
[Site "chess.com INT"]
[Date "2025.06.03"]
[Round "3"]
[White "Csonka, Balazs"]
[Black "Malka, Samuel"]
[Result "1/2-1/2"]
[WhiteTitle "IM"]
[BlackTitle "FM"]
[WhiteElo "2469"]
[BlackElo "2228"]
[WhiteFideId "742910"]
[BlackFideId "20643675"]
[EventDate "2025.06.03"]

1. d4 d5 2. c4 e6 3. Nf3 Nf6 4. g3 Bb4+ 5. Bd2 Be7 6. Bg2 O-O 7. O-O c6 8. Qc2
Nbd7 9. Bf4 h6 10. Rd1 a5 11. Nc3 dxc4 12. Nd2 Nb6 13. e4 a4 14. a3 Bd7 15. Nf3
c5 16. d5 exd5 17. exd5 Re8 18. Ne5 Bd6 19. Nxf7 Kxf7 20. Bxd6 Bg4 21. Bxc5 Bxd1
22. Rxd1 Nbd7 23. Bd4 Ne5 24. Bxe5 Rxe5 25. d6 Qa5 26. Bxb7 Rd8 27. Ne4 c3 28.
Qxc3 Nxe4 29. Qxa5 Rxa5 30. Bxe4 Ke6 31. Rd4 Rxd6 32. Rb4 g5 33. Kg2 Ke5 34. Bf3
Rd2 35. b3 Ra2 36. bxa4 Rxa3 37. Rb5+ Rxb5 38. axb5 Rb3 39. Bc6 Kf5 40. h3 1/2-1/2

[Event "Titled Tue 3rd Jun Early"]
[Site "chess.com INT"]
[Date "2025.06.03"]
[Round "3"]
[White "Aghaei, Alireza"]
[Black "Mateus, Martha"]
[Result "1-0"]
[WhiteTitle "CM"]
[BlackTitle "WIM"]
[WhiteElo "2204"]
[BlackElo "1963"]
[WhiteFideId "12509914"]
[BlackFideId "4401549"]
[EventDate "2025.06.03"]

1. e4 c5 2. c3 Nf6 3. e5 Nd5 4. d4 cxd4 5. Nf3 e6 6. cxd4 d6 7. Bc4 Nb6 8. Bd3
Nc6 9. O-O Be7 10. Qe2 O-O 11. Rd1 dxe5 12. dxe5 Qc7 13. Qe4 g6 14. Bh6 Rd8 15.
Nc3 Nd5 16. h4 Nxc3 17. bxc3 Bd7 18. h5 Be8 19. hxg6 hxg6 20. g3 Rd5 21. c4 Rd7
22. Bc2 Rad8 23. Rxd7 Rxd7 24. Kg2 Nb4 25. Ba4 Rd8 26. Bxe8 Rxe8 27. Rh1 Qc6 28.
Qg4 Nd3 29. Bf4 Bf8 30. Qh3 Bg7 31. Qh7+ Kf8 32. Bh6 Bxh6 33. Qxh6+ Ke7 34. Qg5+
Kd7 35. Rd1 Qe4 36. Qe3 Qxe3 37. fxe3 Ke7 38. Rxd3 Rc8 39. Rd4 Rxc4 40. Rxc4 1-0

[Event "Titled Tue 3rd Jun Early"]
[Site "chess.com INT"]
[Date "2025.06.03"]
[Round "3"]
[White "Palmer, Reegan"]
[Black "Bahmani, Koorosh"]
[Result "1-0"]
[WhiteTitle "CM"]
[BlackTitle "CM"]
[WhiteElo "2057"]
[BlackElo "2208"]
[WhiteFideId "14322145"]
[BlackFideId "42576750"]
[EventDate "2025.06.03"]

1. e4 c6 2. d4 d5 3. f3 Qb6 4. Nc3 dxe4 5. fxe4 e5 6. Na4 Qa5+ 7. c3 exd4 8. b4
Qc7 9. Qxd4 Be6 10. Nf3 Nd7 11. Be3 Ngf6 12. g3 Be7 13. Bf4 Qc8 14. Bg2 O-O 15.
O-O Nh5 16. Ng5 Nxf4 17. gxf4 Bf6 18. e5 Nxe5 19. Nxe6 Nf3+ 20. Bxf3 Bxd4+ 21.
Nxd4 Qc7 22. Bg2 Rfe8 23. Nc5 Re3 24. Rad1 h6 25. Nf5 Rxc3 26. Rd7 Qc8 27. Ne7+
Kh8 28. Nxc8 Rxc8 29. Rfd1 Kh7 30. Be4+ g6 31. Rxf7+ Kg8 32. Rdd7 Re8 33. Rg7+
Kh8 34. Rh7+ Kg8 35. Rdg7+ Kf8 36. Nd7# 1-0

[Event "Titled Tue 3rd Jun Early"]
[Site "chess.com INT"]
[Date "2025.06.03"]
[Round "3"]
[White "Modric, Nesa"]
[Black "Gyurjinyan, Valter"]
[Result "0-1"]
[WhiteTitle "CM"]
[BlackTitle "CM"]
[WhiteElo "2088"]
[BlackElo "2208"]
[WhiteFideId "922579"]
[BlackFideId "13318179"]
[EventDate "2025.06.03"]

1. d4 Nf6 2. Nf3 d5 3. Bf4 c5 4. e3 Nc6 5. c3 Bf5 6. Nh4 Bg6 7. Nxg6 hxg6 8. Nd2
Nh5 9. Be5 f6 10. Bd3 Kf7 11. Qf3 e6 12. O-O Bd6 13. Bg3 Nxg3 14. fxg3 Rh6 15.
h3 Qc7 16. g4 g5 17. e4 cxd4 18. exd5 Ne5 19. dxe6+ Ke7 20. Qe2 dxc3 21. bxc3
Qxc3 22. Bf5 Bc5+ 23. Kh2 Rah8 24. Nf3 Bd6 25. Kg1 Bc5+ 26. Kh2 Be3 27. Rad1
Bf4+ 28. Kg1 Qc5+ 29. Qf2 Be3 30. Nxe5 Bxf2+ 31. Rxf2 fxe5 32. Rd7+ Ke8 33. Rxb7
Rf8 34. e7 Rxf5 35. gxf5 Rb6 36. Rxb6 Qxb6 37. Kf1 Qb1+ 38. Ke2 Qxa2+ 39. Kf3
Qc4 40. Re2 Qf4# 0-1

[Event "Titled Tue 3rd Jun Early"]
[Site "chess.com INT"]
[Date "2025.06.03"]
[Round "3"]
[White "Elier, Ali"]
[Black "Lazaro Azcutia, Miguel"]
[Result "0-1"]
[WhiteTitle "CM"]
[BlackTitle "CM"]
[WhiteElo "2142"]
[BlackElo "2275"]
[WhiteFideId "16217543"]
[BlackFideId "54538254"]
[EventDate "2025.06.03"]

1. e4 e5 2. Nc3 Nf6 3. f4 d5 4. fxe5 Nxe4 5. Nf3 Nc6 6. Bb5 Be7 7. O-O O-O 8.
Qe2 Nxc3 9. bxc3 a6 10. Ba4 Bg4 11. d4 Na5 12. h3 Bh5 13. Qe1 Bg6 14. Nd2 c5 15.
Ba3 b5 16. Nb3 Nxb3 17. Bxb3 c4 18. Bxc4 dxc4 19. Bc1 Bxc2 20. Bf4 Qd5 21. Qg3
Bg6 22. Rae1 Rae8 23. Kf2 b4 24. h4 h5 25. Qe3 Bxh4+ 26. g3 Be7 27. Rh1 bxc3 28.
Qxc3 Rb8 29. Rc1 Rb5 30. Qxc4 Qe4 31. Qe2 Qb7 32. Rcd1 Bb4 33. Rd3 Bxd3 34. Qxd3
Qxh1 35. a4 Qh2+ 36. Kf3 Qh1+ 37. Kf2 Be1+ 38. Ke3 Rbb8 39. d5 Qg1+ 40. Ke4 Qg2+
41. Kf5 Qh3+ 42. Kg5 Qg4# 0-1

[Event "Titled Tue 3rd Jun Early"]
[Site "chess.com INT"]
[Date "2025.06.03"]
[Round "3"]
[White "Tikhonov, Viacheslav"]
[Black "Salimova, Asal"]
[Result "1-0"]
[WhiteTitle "CM"]
[BlackTitle "WCM"]
[WhiteElo "2183"]
[BlackElo "2003"]
[WhiteFideId "44196407"]
[BlackFideId "14204940"]
[EventDate "2025.06.03"]

1. e4 c5 2. Nf3 d6 3. Nc3 a6 4. d4 cxd4 5. Nxd4 Nf6 6. h3 e5 7. Nde2 h5 8. g3 b5
9. Nd5 Bb7 10. Nec3 Nbd7 11. Bg5 Rc8 12. Bg2 Be7 13. Bxf6 Nxf6 14. O-O g6 15. a4
bxa4 16. Rxa4 O-O 17. Qd2 Kg7 18. Rc1 Re8 19. Nxf6 Bxf6 20. Nd5 Rc5 21. b4 Rc4
22. c3 Bg5 23. Qd3 Bxc1 24. Qxc4 Qd7 25. Ra1 Bh6 26. Rd1 Rc8 27. Qb3 Qb5 28. Bf1
Qe8 29. c4 Bxd5 30. Rxd5 Qe6 31. h4 g5 32. Kh2 gxh4 33. Bh3 hxg3+ 34. Qxg3+ Kh8
35. Bxe6 Bf4 36. Bxc8 Bxg3+ 37. fxg3 1-0

[Event "Titled Tue 3rd Jun Early"]
[Site "chess.com INT"]
[Date "2025.06.03"]
[Round "3"]
[White "Lopez Rayo, Isabella"]
[Black "Arya G Mallar"]
[Result "1-0"]
[WhiteTitle "WFM"]
[BlackTitle "WCM"]
[WhiteElo "2021"]
[BlackElo "2014"]
[WhiteFideId "4452755"]
[BlackFideId "25115324"]
[EventDate "2025.06.03"]

1. e4 c5 2. Nf3 d6 3. d4 cxd4 4. Nxd4 Nf6 5. Nc3 g6 6. Be3 Bg7 7. f3 O-O 8. Qd2
Nc6 9. Bc4 Nxd4 10. Bxd4 Be6 11. Bxe6 fxe6 12. h4 Qa5 13. h5 Nxh5 14. Bxg7 Kxg7
15. g4 Nf4 16. O-O-O Rac8 17. Qh2 h5 18. gxh5 Nxh5 19. Qh4 Rf7 20. Rdg1 Rc5 21.
Qg4 Rf6 22. Kb1 Re5 23. Ne2 Qd2 24. Rxh5 Rxh5 25. Ng3 Rg5 26. Nh5+ Rxh5 27. Qxh5
Qe3 28. Qg4 Qxf3 29. Qg5 Qxe4 30. a3 Qd4 31. Qg2 Rf2 32. Qxg6+ Kf8 33. Qg8# 1-0

[Event "Titled Tue 3rd Jun Early"]
[Site "chess.com INT"]
[Date "2025.06.03"]
[Round "3"]
[White "Sturt, Raven"]
[Black "Tulendinov, Dinmukhammed"]
[Result "1-0"]
[WhiteTitle "GM"]
[BlackTitle "FM"]
[WhiteElo "2459"]
[BlackElo "2124"]
[WhiteFideId "2007304"]
[BlackFideId "13730860"]
[EventDate "2025.06.03"]

1. f4 d5 2. Nf3 Nf6 3. e3 g6 4. b3 Bg7 5. Bb2 O-O 6. Be2 c5 7. O-O Nc6 8. Ne5
Nxe5 9. Bxe5 a6 10. a4 d4 11. Na3 dxe3 12. dxe3 Nd5 13. Bxg7 Kxg7 14. Nc4 Be6
15. Bf3 Nb4 16. Qe2 Qc7 17. a5 Rad8 18. g3 Kg8 19. Nb6 Nd5 20. Bxd5 Bxd5 21. e4
Bc6 22. c3 Bb5 23. c4 Bc6 24. Nd5 Bxd5 25. cxd5 Rc8 26. Qc4 Qd7 27. e5 Qh3 28.
Rad1 Rfd8 29. Rd2 h5 30. f5 Qg4 31. Rf4 Qg5 32. Rdf2 Rf8 33. Kg2 Rcd8 34. h4 Qh6
35. f6 e6 36. d6 Rfe8 37. Qxc5 Rb8 38. d7 Red8 39. Qe7 Qf8 40. Rd2 Kh8 41. Qxf8+
Rxf8 42. Rc4 Rfd8 43. Kf3 Kg8 44. Kf4 Kf8 45. Kg5 Kg8 46. Kh6 Rf8 47. Rdc2 Rfd8
48. Rc8 1-0

[Event "Titled Tue 3rd Jun Early"]
[Site "chess.com INT"]
[Date "2025.06.03"]
[Round "3"]
[White "Kornev, Alexei"]
[Black "Hercegovac, Neven"]
[Result "1-0"]
[WhiteTitle "GM"]
[BlackTitle "FM"]
[WhiteElo "2500"]
[BlackElo "2211"]
[WhiteFideId "4120949"]
[BlackFideId "2839135"]
[EventDate "2025.06.03"]

1. d4 Nf6 2. g3 e6 3. Bg2 c5 4. dxc5 Bxc5 5. Nf3 O-O 6. O-O d5 7. c4 dxc4 8. Ne5
Qc7 9. Nxc4 Bxf2+ 10. Rxf2 Qxc4 11. Nc3 Nc6 12. Qb3 Qc5 13. Qb5 Qxb5 14. Nxb5
Bd7 15. Bg5 Nd5 16. Rd1 a6 17. Nd6 f6 18. Bc1 Rab8 19. e4 Nde7 20. Be3 e5 21. h3
Be6 22. b3 Rfd8 23. Rfd2 Rd7 24. Bb6 Nc8 25. Nxc8 Rxd2 26. Rxd2 Rxc8 27. Kf2 Kf7
28. h4 Nb4 29. a3 Rc2 30. Ke3 Rxd2 31. Kxd2 Nc6 32. b4 Ke7 33. Kc3 Kd7 34. Bf1
g6 35. Bc5 Kc7 36. a4 b6 37. Be3 a5 38. bxa5 Nxa5 39. Bd3 Kc6 40. Bh6 Nb7 41.
Bg7 Nc5 42. Bxf6 Nxa4+ 43. Kd2 Kd6 44. Bg7 Nc5 45. Bc2 Bd7 46. Ke3 Bc6 47. g4
Ke6 48. Bf8 Nd7 49. Bb4 Nf6 50. g5 Nd7 51. Bb3+ 1-0

[Event "Titled Tue 3rd Jun Early"]
[Site "chess.com INT"]
[Date "2025.06.03"]
[Round "3"]
[White "Calvo Gonzalez, Jose Felix"]
[Black "Kshatriya, Nitin Vekhande"]
[Result "1-0"]
[WhiteTitle "CM"]
[BlackTitle "FM"]
[WhiteElo "2168"]
[BlackElo "2255"]
[WhiteFideId "54505615"]
[BlackFideId "45075530"]
[EventDate "2025.06.03"]

1. e4 c5 2. Nf3 e6 3. d4 cxd4 4. Nxd4 a6 5. Nc3 Qc7 6. f4 Bb4 7. Qf3 Bxc3+ 8.
bxc3 d6 9. Ba3 Nf6 10. Bb4 Bd7 11. Rd1 d5 12. e5 Ne4 13. c4 Nc6 14. Nxc6 Bxc6
15. Bd3 Qb6 16. c3 a5 17. c5 Nxc5 18. Ba3 d4 19. Qe2 dxc3 20. Rb1 Nxd3+ 21. Qxd3
Qc7 22. Qxc3 Rd8 23. O-O Rd5 24. Rfc1 Kd7 25. Qg3 g6 26. Qg5 Re8 27. Qf6 Kc8 28.
Bd6 Qd7 29. Rb6 Rd2 30. Rcxc6+ Qxc6 31. Rxc6+ bxc6 32. Qxf7 Rxd6 33. exd6 Rd8
34. Qc7# 1-0

[Event "Titled Tue 3rd Jun Early"]
[Site "chess.com INT"]
[Date "2025.06.03"]
[Round "3"]
[White "Daulet, Alikhan"]
[Black "Seyidli, Mirsaleh"]
[Result "1-0"]
[WhiteTitle "CM"]
[BlackTitle "CM"]
[WhiteElo "2100"]
[BlackElo "1995"]
[WhiteFideId "13741632"]
[BlackFideId "13445219"]
[EventDate "2025.06.03"]

1. d4 Nf6 2. c4 e6 3. Nc3 d5 4. cxd5 exd5 5. Bg5 c6 6. e3 Be7 7. Bd3 O-O 8. Nge2
h6 9. Bh4 a5 10. O-O Na6 11. Rc1 Nc7 12. f3 Ne6 13. Bf2 b5 14. h3 b4 15. Na4 Bd7
16. e4 Nh5 17. Be3 dxe4 18. fxe4 Bg5 19. Qd2 Be8 20. Bxg5 hxg5 21. Qe3 Nhf4 22.
Rfd1 Qe7 23. Nc5 Nxe2+ 24. Bxe2 Nf4 25. Bf3 Rd8 26. e5 Bd7 27. Nxd7 Qxd7 28.
Bxc6 Qa7 29. Rc4 Qb6 30. Kh2 Rc8 31. Rdc1 Rfd8 32. Qe4 Ne6 33. d5 Nf4 34. g3
Qf2+ 35. Kh1 Qxg3 36. R4c2 Nxh3 37. Rf1 Nf4 38. Rh2 g6 39. e6 f6 40. e7 Re8 41.
Bxe8 Rxe8 42. d6 Kg7 43. d7 Rh8 44. Rxh8 Nh5 45. Rg8+ Kh6 46. Qxg6# 1-0

[Event "Titled Tue 3rd Jun Early"]
[Site "chess.com INT"]
[Date "2025.06.03"]
[Round "3"]
[White "Filindash, Nikita"]
[Black "Ternault, Mathieu"]
[Result "0-1"]
[WhiteTitle "CM"]
[BlackTitle "FM"]
[WhiteElo "2198"]
[BlackElo "2273"]
[WhiteFideId "34159983"]
[BlackFideId "20641532"]
[EventDate "2025.06.03"]

1. d4 d5 2. c4 c6 3. cxd5 cxd5 4. Bf4 a6 5. e3 Nc6 6. Nc3 Nf6 7. Bd3 g6 8. Nf3
Bg7 9. Ne5 O-O 10. O-O Bf5 11. Nxc6 bxc6 12. f3 Bxd3 13. Qxd3 Qb6 14. Na4 Qb5
15. Qa3 Nh5 16. Bg5 e5 17. dxe5 Bxe5 18. g4 Ng7 19. f4 Bb8 20. Bf6 Re8 21. Qc3
Qxa4 22. Bxg7 Rxe3 23. Qf6 Re6 24. Qc3 Ba7+ 25. Kg2 Qe4+ 26. Rf3 d4 27. Qb3 Kxg7
28. Qb7 c5 29. Qxe4 Rxe4 30. Rc1 Rb8 31. b3 Re2+ 32. Rf2 Rbe8 33. Rc2 d3 34. Rd2
c4 35. bxc4 Rxd2 36. Rxd2 Re2+ 37. Rxe2 dxe2 38. Kf3 e1=Q 0-1

[Event "Titled Tue 3rd Jun Early"]
[Site "chess.com INT"]
[Date "2025.06.03"]
[Round "3"]
[White "Gurevich, Dmitry"]
[Black "Perry, Patrick"]
[Result "0-1"]
[WhiteTitle "GM"]
[WhiteElo "2347"]
[BlackElo "2296"]
[WhiteFideId "2000407"]
[BlackFideId "30917727"]
[EventDate "2025.06.03"]

1. d4 Nf6 2. c4 c5 3. Nf3 g6 4. Nc3 Bg7 5. d5 O-O 6. e4 e6 7. Bd3 exd5 8. cxd5
d6 9. O-O Bg4 10. h3 Bxf3 11. Qxf3 Nbd7 12. Qd1 a6 13. a4 Re8 14. Re1 Qc7 15.
Bf4 c4 16. Bf1 Nc5 17. Qc2 Nb3 18. Rad1 Nd7 19. Nb1 b5 20. Na3 Rab8 21. axb5
axb5 22. Nxb5 Rxb5 23. Qxc4 Qxc4 24. Bxc4 Rb7 25. Bxd6 Bxb2 26. Rb1 Nd2 27. Ba6
Nxb1 28. Bxb7 Nc3 29. Bc6 Rxe4 30. Rxe4 Nxe4 31. Be7 Nef6 32. g4 h6 33. h4 g5
34. hxg5 hxg5 35. f4 Bc1 36. fxg5 Bxg5 37. Kg2 Bd2 38. d6 Kg7 39. Kg3 Ne5 40.
Bb5 Nfd7 41. g5 Kg6 0-1

[Event "Titled Tue 3rd Jun Early"]
[Site "chess.com INT"]
[Date "2025.06.03"]
[Round "3"]
[White "Shafer, Logan C"]
[Black "Sklokin, Sergey"]
[Result "0-1"]
[WhiteTitle "CM"]
[BlackTitle "FM"]
[WhiteElo "2291"]
[BlackElo "2311"]
[WhiteFideId "30993342"]
[BlackFideId "55730230"]
[EventDate "2025.06.03"]

1. e4 c5 2. Nf3 e6 3. c3 Nf6 4. e5 Nd5 5. d4 cxd4 6. cxd4 Nc6 7. Bc4 d6 8. O-O
Be7 9. Qe2 O-O 10. Nc3 Nxc3 11. bxc3 dxe5 12. Nxe5 Nxe5 13. Qxe5 Bd6 14. Qe2 b6
15. Bd3 Bb7 16. Qh5 g6 17. Qh3 Re8 18. Bb5 Rf8 19. Bh6 Qc7 20. Bxf8 Rxf8 21. Be2
Rc8 22. Rac1 e5 23. dxe5 Bxe5 24. Bf3 Ba6 25. Rfd1 Bf4 26. Rc2 Rd8 27. g3 Rxd1+
28. Bxd1 Be5 29. Be2 Bxe2 30. Rxe2 Qd6 31. Qf1 Bxc3 32. Qc1 Bf6 33. Re1 Kg7 34.
Rd1 Qe6 35. Qc7 Qxa2 36. h4 h5 37. Rd7 a5 38. Qxb6 a4 39. Ra7 Qa1+ 40. Kh2 Bd4
41. Qb7 Bxa7 42. Qxa7 a3 43. g4 Qb2 44. gxh5 a2 45. h6+ Kxh6 46. Qe3+ Kg7 47. h5
a1=Q 48. h6+ Kh7 49. Qf3 Qe5+ 50. Qg3 Qxg3+ 51. fxg3 Kxh6 52. Kh3 Kg5 53. Kg2
Qb2+ 54. Kh3 f5 55. g4 Qf2 56. gxf5 Kf4 57. fxg6 Qg3# 0-1

[Event "Titled Tue 3rd Jun Early"]
[Site "chess.com INT"]
[Date "2025.06.03"]
[Round "3"]
[White "Injac, Teodora"]
[Black "Harshit, Ranjan Sahu"]
[Result "1-0"]
[WhiteTitle "IM"]
[BlackTitle "CM"]
[WhiteElo "2474"]
[BlackElo "2214"]
[WhiteFideId "932400"]
[BlackFideId "25638815"]
[EventDate "2025.06.03"]

1. d4 Nf6 2. Bg5 g6 3. Bxf6 exf6 4. c4 Bg7 5. Nc3 O-O 6. g3 f5 7. Bg2 Re8 8. e3
d6 9. Nge2 Nd7 10. O-O Nf6 11. b4 h5 12. h4 Ng4 13. Qd3 g5 14. hxg5 Qxg5 15. Nd5
Qd8 16. b5 h4 17. Rfe1 c6 18. bxc6 bxc6 19. Ndf4 Bd7 20. Rab1 hxg3 21. Nxg3 Qh4
22. Rb7 Rad8 23. Rxa7 Re4 24. Nh3 d5 25. cxd5 cxd5 26. Rxd7 Rxd7 27. Nxf5 Qh7
28. Nxg7 Qxg7 29. f3 Re6 30. fxg4 Qxg4 31. Rf1 Rg6 32. Nf4 1-0

[Event "Titled Tue 3rd Jun Early"]
[Site "chess.com INT"]
[Date "2025.06.03"]
[Round "3"]
[White "Ishvi, Aggarwal"]
[Black "Sanhueza, Cristian"]
[Result "0-1"]
[WhiteTitle "WCM"]
[BlackTitle "FM"]
[WhiteElo "1954"]
[BlackElo "2182"]
[WhiteFideId "25728890"]
[BlackFideId "116815"]
[EventDate "2025.06.03"]

1. d4 Nf6 2. c4 g6 3. g3 Bg7 4. Bg2 O-O 5. Nc3 d6 6. Nf3 Nc6 7. O-O a6 8. h3 Bd7
9. e4 e5 10. d5 Nd4 11. Nxd4 exd4 12. Qxd4 Qc8 13. Bg5 Nh5 14. Qd2 Bxh3 15. Kh2
Bxg2 16. Kxg2 Qg4 17. Rh1 Bxc3 18. bxc3 Qxe4+ 19. f3 Qxc4 20. g4 Rfe8 21. Kf2
Ng7 22. Bf6 Qc5+ 23. Kg3 Qe3 24. Qh2 h5 25. Qh4 Re4 26. Kg2 Nf5 27. Qg5 Qe2+ 28.
Kg1 Qxf3 29. gxf5 Rg4+ 30. Qxg4 Qxg4+ 31. Kh2 Re8 32. Raf1 Re2+ 33. Rf2 Rxf2# 0-1

[Event "Titled Tue 3rd Jun Early"]
[Site "chess.com INT"]
[Date "2025.06.03"]
[Round "3"]
[White "Avila Rodriguez, Joshua Adrian"]
[Black "Rodriguez Avila, Alvaro"]
[Result "1/2-1/2"]
[WhiteTitle "FM"]
[BlackTitle "CM"]
[WhiteElo "2302"]
[BlackElo "2204"]
[WhiteFideId "5126444"]
[BlackFideId "24570249"]
[EventDate "2025.06.03"]

1. e4 c5 2. Nf3 g6 3. d4 cxd4 4. Nxd4 Bg7 5. c4 Nc6 6. Be3 Nf6 7. Nc3 Ng4 8.
Qxg4 Nxd4 9. Qd1 Ne6 10. Rc1 Qa5 11. a3 O-O 12. Be2 b6 13. O-O Bb7 14. f3 Rac8
15. Qd2 Rfe8 16. Qxd7 Nc5 17. Qb5 Qxb5 18. Nxb5 a6 19. Nc3 Nb3 20. Rcd1 Nc5 21.
Nd5 Bxd5 22. cxd5 b5 23. b4 Na4 24. f4 Rc3 25. Rd3 Rec8 26. Rfd1 Nb2 27. Rxc3
Rxc3 28. Kf2 Nxd1+ 29. Bxd1 Rxa3 30. e5 Rd3 31. Bf3 Rb3 32. Ke2 Rxb4 33. d6 exd6
34. exd6 Bf6 35. d7 Rb2+ 36. Kd3 Rb3+ 37. Ke4 Rxe3+ 38. Kxe3 a5 39. Bc6 b4 40.
Ba4 Kf8 41. Ke4 Ke7 42. Kd5 Kf8 43. Kc6 Bd8 44. Kd6 Bb6 45. g4 Bd8 46. h3 Kg7
47. g5 h6 48. h4 hxg5 49. hxg5 Kf8 50. Bb3 Bb6 51. Ba4 Bd8 52. Bb3 Kg7 53. Ba4
Kg8 54. Bb3 Kf8 55. Ba4 f6 56. gxf6 Bxf6 57. Ke6 Bd8 58. Bc2 g5 59. fxg5 Bxg5
60. Ba4 Bd8 61. Bb3 Kg7 62. Ba4 Kg6 63. Bb3 Kg5 64. Kf7 Kf4 65. Ke8 Bb6 66. d8=Q
Bxd8 67. Kxd8 Ke5 68. Kc7 Kd4 69. Kb6 Kc3 70. Ba4 b3 71. Bxb3 Kxb3 72. Kxa5 1/2-1/2

[Event "Titled Tue 3rd Jun Early"]
[Site "chess.com INT"]
[Date "2025.06.03"]
[Round "3"]
[White "Silva, Luca"]
[Black "Skytte, Robert"]
[Result "1-0"]
[WhiteTitle "FM"]
[BlackTitle "CM"]
[WhiteElo "2227"]
[BlackElo "2007"]
[WhiteFideId "147370"]
[BlackFideId "1471775"]
[EventDate "2025.06.03"]

1. e4 c5 2. Nf3 Nc6 3. Bb5 g6 4. O-O Bg7 5. c3 Nf6 6. Re1 O-O 7. h3 d5 8. e5 Nd7
9. d4 c4 10. Nbd2 a6 11. Bxc6 bxc6 12. b3 cxb3 13. axb3 Qc7 14. Ba3 c5 15. Nf1
c4 16. Ne3 Nb6 17. bxc4 dxc4 18. Ng5 h6 19. Ne4 Bb7 20. Nc5 Qc6 21. Rb1 Rab8 22.
Qg4 h5 23. Qg5 Rfe8 24. e6 Bf6 25. Qg3 h4 26. Qg4 Bc8 27. d5 Qd6 28. Bb4 Nxd5
29. Ne4 Nxe3 30. Nxd6 Nxg4 31. Nxe8 Ne5 32. Nxf6+ exf6 33. e7 Bd7 34. Bd6 Re8
35. Bxe5 fxe5 36. Rxe5 Be6 37. Rb7 Kg7 38. Ra5 Kf6 39. Rxa6 Rxe7 40. Rxe7 Kxe7
41. f3 g5 42. Kf2 1-0